000 00461nam a2200181Ia 4500
008 230524s9999 xx 000 0 und d
020 _a978933035994
082 _bSHA
100 _aH.J. Shah
_942844
245 0 _aMechanics of Structures Vol-I : Strength of Materials
250 _a36
260 _aNew Delhi
_bCharotar
_c2014
300 _a987p;
500 _aQuantity Number: 1
650 _aCivil
700 _a S.B. Junnarkar
_942845
942 _cBK
999 _c57818
_d57818